| 000 | 00872cam a2200289 i 4500 | ||
|---|---|---|---|
| 001 | 200447016 | ||
| 999 |
_c200447016 _d65228 |
||
| 003 | TR-AnTOB | ||
| 005 | 20260102155448.0 | ||
| 007 | ta | ||
| 008 | 020426s2001 tu 00010 tur N | ||
| 020 | _a975977001 | ||
| 040 |
_aTR-AnTOB _beng _erda _cTR-AnTOB |
||
| 041 | 0 | _atur | |
| 060 |
_aWE 346 _bK76 2001 |
||
| 100 | 1 |
_aKoca, İsmail _eauthor _9138162 |
|
| 245 | 1 | 0 |
_aArtroz / _cDr. İsmail Koca. |
| 264 | 3 |
_aAnkara : _bT.H.K. Basımevi İşletmeciliği, _c2001 |
|
| 300 |
_a117 pages ; _c24 cm |
||
| 336 |
_2rdacontent _atext _btxt |
||
| 337 |
_2rdamedia _aunmediated _bn |
||
| 338 |
_2rdacarrier _avolume _bnc |
||
| 650 | 2 |
_aArthritis, Rheumatoid _9138161 |
|
| 942 |
_2NLM _cBK |
||
| 947 |
_a28561155 _b739697 _c12 _d43 _eBaskent Universitesi Kutuphanesi _fBaskent _g2014-10-20 10:12:16 |
||